Towards sustainable transportation conference organised by the OECD hosted by the Government of Canada, Vancouver, British Columbia 24-27 march 1996
Na minha lista:
| Formato: | Livro |
|---|---|
| Idioma: | inglês |
| Publicado em: |
Paris
OECD
1997
|
| Colecção: | OECD Proceedings
|
| Assuntos: | |
| Tags: |
Sem tags, seja o primeiro a adicionar uma tag!
|
MARC
| LEADER | 00000nam a2200000 4500 | ||
|---|---|---|---|
| 001 | c120049 | ||
| 005 | 20221124074039.2 | ||
| 020 | |a 92-64-15573-2 | ||
| 041 | 0 | |a eng | |
| 044 | |a FR | ||
| 245 | 1 | 0 | |a Towards sustainable transportation |b conference organised by the OECD hosted by the Government of Canada, Vancouver, British Columbia 24-27 march 1996 |
| 264 | 1 | |a Paris |b OECD |c 1997 | |
| 300 | |a 187 s. | ||
| 490 | 1 | |a OECD Proceedings | |
| 830 | 0 | |a OECD Proceedings | |
| 610 | 2 | 0 | |a doprava |
| 610 | 2 | 0 | |a doprava osobná |